Quiz mythologie grecque - Statistiques

Statistiques générales
  • Ce quiz a été pris 633 fois
    267 depuis la dernière actualisation
  • Le résultat moyen est 23 sur 32
Statistiques - réponses
Description Nom % Correct
Roi des dieux, dieu du ciel et de la foudre Zeus
98%
Dieu de la mer Poséidon
96%
Déesse de la sagesse, de la stratégie guerrière, des artisans Athéna
93%
Dieu du monde souterrain Hadès
93%
Déesse de l'amour Aphrodite
92%
Reine des dieux, déesse du mariage et de la naissance Héra
92%
Déesse de la chasse Artémis
90%
Dieu de la guerre Arès
89%
Déesse Mère et de la Terre Gaïa
89%
Dieu du commerce et des voyages, messager des dieux, dieu des voleurs Hermès
89%
Dieu des arts, de la musique, de la poésie, de la lumière du soleil Apollon
87%
Dieu de la vigne, des fêtes Dionysos
87%
Dieu des forgerons et du feu Héphaïstos
84%
Déesse du monde souterrain Perséphone
83%
Déesse de l'agriculture Déméter
79%
Dieu de l'amour Éros
75%
Déesse du foyer Hestia
72%
Dieu Père et du Ciel Ouranos
72%
Demi-dieu vénéré personnifiant la force Héraclès
69%
Dieu du temps Chronos
66%
Roi des Titans Cronos
64%
Dieu du soleil Hélios
63%
Dieu du sommeil Hypnos
62%
Déesse de la lune Séléné
62%
Dieu de la Mort Thanatos
59%
Dieu de la nature Pan
58%
Reine des Titans Rhéa
55%
Dieu de la médecine Asclépios
44%
Déesse de la magie Hécate
44%
Déesse de la jeunesse, de la vitalité Hébé
30%
Déesses du Destin Moires
27%
Déesse des fleurs Chloris
7%
Aucun quiz correspondant
Distribution des résultats
% des personnes avec chaque résultat
Percentile par nombre de réponses
Votre historique - résultats
Vous n’avez pas pris ce quiz depuis la dernière actualisation